Multibody mechancis and visualization (Record no. 573653)

000 -LEADER
fixed length control field 00592nam a22001817a 4500
003 - CONTROL NUMBER IDENTIFIER
control field CEME
005 - DATE AND TIME OF LATEST TRANSACTION
control field 20210628203432.0
008 - FIXED-LENGTH DATA ELEMENTS--GENERAL INFORMATION
fixed length control field 210122b xxu||||| |||| 00| 0 eng d
020 ## - INTERNATIONAL STANDARD BOOK NUMBER
International Standard Book Number 1-85233-799-0
040 ## - CATALOGING SOURCE
Transcribing agency ceme
082 ## - DEWEY DECIMAL CLASSIFICATION NUMBER
Classification number 621.100113 DAN
100 ## - MAIN ENTRY--PERSONAL NAME
Personal name Dankowicz, Harry
9 (RLIN) 65447
245 ## - TITLE STATEMENT
Title Multibody mechancis and visualization
260 ## - PUBLICATION, DISTRIBUTION, ETC.
Place of publication, distribution, etc. NEW YORK
Name of publisher, distributor, etc. SPRINGER
Date of publication, distribution, etc. 2005
300 ## - PHYSICAL DESCRIPTION
Extent XVIII,510 P
650 ## - SUBJECT ADDED ENTRY--TOPICAL TERM
Topical term or geographic name entry element MAMBO - COMPUTER FILE. MECHANICS, APPLIED - COMPUTER SIMULATION. MECHANICS, APPLIED - MATHEMATICAL MODELS.MULTIBODY MECHANCIS AND VISUALIZATION
9 (RLIN) 65448
942 ## - ADDED ENTRY ELEMENTS (KOHA)
Koha item type Book
Source of classification or shelving scheme
Holdings
Withdrawn status Lost status Damaged status Not for loan Permanent Location Current Location Shelving location Date acquired Total Checkouts Full call number Barcode Date last seen Price effective from Koha item type
        College of Electrical & Mechanical Engineering (CEME) College of Electrical & Mechanical Engineering (CEME) General Stacks 07/27/2017   621.100113 DAN CEME-42887 06/28/2021 06/28/2021 Book
© 2023 Central Library, National University of Sciences and Technology. All Rights Reserved.